Statistics for Closest capital acrostics- B capitals part 1

Click here to take the quiz!

General Stats

  • This quiz has been taken 51 times
  • The average score is 67 of 86

Answer Stats

HintAnswer% Correct
IIslamabad
100%
AAmman
96%
BBaghdad
96%
BBeirut
96%
IIslamabad
96%
IIslamabad
96%
JJakarta
96%
AAshgabat
92%
IIslamabad
92%
UUlaanbaatar
92%
AAthens
88%
BBaghdad
88%
BBandar Seri Begawan
88%
BBangkok
88%
RRiga
88%
RRome
88%
RRoseau
88%
TTegucigalpa
88%
UUlaanbaatar
88%
WWellington
88%
BBratislava
85%
DDamascus
85%
DDili
85%
GGaborone
85%
GGaborone
85%
IIslamabad
85%
JJuba
85%
KKuwait City
85%
SSaint John's
85%
UUlaanbaatar
85%
AAbuja
81%
AAccra
81%
AAsuncion
81%
AAsuncion
81%
BBangkok
81%
BBudapest
81%
GGaborone
81%
GGaborone
81%
HHelsinki
81%
KKuala Lumpur
81%
LLuxembourg
81%
MManagua
81%
OOslo
81%
OOuagadougou
81%
PPanama City
81%
RRiyadh
81%
SSaint George's
81%
UUlaanbaatar
81%
AAnkara
77%
AAshgabat
77%
AAstana
77%
BBridgetown
77%
GGaborone
77%
GGaborone
77%
KKinshasa
77%
LLjubljana
77%
NNaypyidaw
77%
NNaypyidaw
77%
OOttawa
77%
SSingapore
77%
DDamascus
73%
DDoha
73%
KKathmandu
73%
NNaypyidaw
73%
RRiyadh
73%
AAbuja
69%
BBeijing
69%
BBogota
69%
LLima
69%
AAccra
65%
NNicosia
65%
RRabat
65%
TTbilisi
65%
AAstana
62%
BBissau
62%
NNassau
62%
NN'Djamena
62%
NNouakchott
62%
RRiga
62%
BBissau
58%
LLome
58%
MMonrovia
58%
AAbu Dhabi
54%
BBrazzaville
54%
AAntananarivo
42%
NNew Delhi
42%

Score Distribution

Percentile by Number Answered

Percent of People with Each Score

Your Score History

You have not taken this quiz